Prentice Hall Weekly Legal Service (Record no. 2136)

MARC details
000 -LEADER
fixed length control field 00458nam a22001577a 4500
005 - DATE AND TIME OF INPUT
control field 20240709141803.0
008 - DATA ELEMENTS--GENERAL INFORMATION
fixed length control field 240709b |||||||| |||| 00| 0 eng d
041 ## - LANGUAGE CODE
Language code of text English
082 ## - SHELF NUMBER
DDC number 349 PRE
100 ## - MAIN AUTHOR
Language of a work English
245 ## - TITLE STATEMENT
Title Prentice Hall Weekly Legal Service
260 ## - PUBLICATION, DISTRIBUTION, ETC.
Place of publication, distribution, etc. Durban:
Name of publisher, distributor, etc. Prentice Hall Services (Pty) Ltd,
Date of publication, distribution, etc. 1955
300 ## - PHYSICAL DESCRIPTION
Other physical details 132 pages;
Dimensions 26 cm.
650 ## - SUBJECT`
Broad subject Legal practice
Own subject terms Law
942 ## - ADDED ENTRY ELEMENTS (KOHA)
Item type Books
942 ## - ADDED ENTRY ELEMENTS (KOHA)
-- ALISON_BN_VRIES
Holdings
Source of classification or shelving scheme Volume number (bound volume or other part) Not for loan Collection code Home library Current library Shelving location Date acquired Full call number Barcode Price effective from Koha item type
Dewey Decimal Classification Volume 65, 1955 (1) January-June   PRENTICE-HALL LAW SOCIETY OF NAMIBIA LIBRARY - WINDHOEK LAW SOCIETY OF NAMIBIA LIBRARY - WINDHOEK Prentice hall weekly legal services 07/09/2024 349 PRE LSN/2023/2883 07/09/2024 Books
Dewey Decimal Classification Volume 66, 1955 (2) July - December   PRENTICE-HALL LAW SOCIETY OF NAMIBIA LIBRARY - WINDHOEK LAW SOCIETY OF NAMIBIA LIBRARY - WINDHOEK Prentice hall weekly legal services 07/09/2024 349 PRE LSN/2023/2884 07/09/2024 Books